书目信息 |
| 题名: |
中国结艺
|
|
| 作者: | 陈必琴 编著 | |
| 分册: | 4 | |
| 出版信息: | 广州 广州出版社 2001 |
|
| 页数: | 92页 | |
| 开本: | 21cm | |
| 丛书名: | ||
| 单 册: | ||
| 中图分类: | J523.4 | |
| 科图分类: | ||
| 主题词: | 工艺美术--中国 , 编织--工艺美术--技法(美术)--中国 | |
| 电子资源: | ||
| ISBN: | 7-80655-261-8 | |
| 000 | 00587nam0 2200205 45 | |
| 001 | 0304230136 | |
| 005 | 20031219104109.7 | |
| 010 | @a7-80655-261-8@dCNY12.80 | |
| 100 | @a20030423d2001 km y0chiy0120 ea | |
| 101 | 0 | @achi |
| 105 | @aa z 000yy | |
| 200 | 1 | @a中国结艺@h4@AZhong Guo Jie Yi@f陈必琴编著@FChen Bi Qin Bian Zhu |
| 210 | @a广州@c广州出版社@d2001 | |
| 215 | @a92页@c彩图@d21cm | |
| 606 | 0 | @a工艺美术@x中国 |
| 606 | 0 | @a编织@x工艺美术@x技法(美术)@y中国 |
| 690 | @aJ523.4@v4 | |
| 701 | 0 | @a陈必琴@4编著 |
| 801 | @aCN@bTSTC@c20030423 | |
| 905 | @b323195-199@dJ523.4@e75:4@f5 | |
| 中国结艺.4/陈必琴编著.-广州:广州出版社,2001 |
| 92页:彩图;21cm |
| ISBN 7-80655-261-8:CNY12.80 |
| ● |
| 相关链接 |
|
|
|
|
正题名:中国结艺
索取号:J523.4/75:4
 
预约/预借
| 序号 | 登录号 | 条形码 | 馆藏地/架位号 | 状态 | 备注 |
| 1 | 0323195 | 203231957 | 密集书库/ [索取号:J523.4/75:4] | 在馆 | |
| 2 | 0323196 | 203231966 | 第一借阅区/ [索取号:J523.4/75:4] | 在馆 | |
| 3 | 0323197 | 203231975 | 第一借阅区/ [索取号:J523.4/75:4] | 在馆 | |
| 4 | 0323198 | 203231984 | 第一借阅区/ [索取号:J523.4/75:4] | 在馆 | |
| 5 | 0323199 | 203231993 | 第一样本阅览室/ [索取号:J523.4/75:4] | 在馆 |